书目信息 |
| 题名: |
邓小平的说服与攻心之道
|
|
| 作者: | 唐春元 , 伍英 编著 | |
| 分册: | ||
| 出版信息: | 长沙 湖南人民出版社 2004.01 |
|
| 页数: | 327页 | |
| 开本: | 20cm | |
| 丛书名: | ||
| 单 册: | ||
| 中图分类: | A765 | |
| 科图分类: | ||
| 主题词: | 对小平--传记 | |
| 电子资源: | ||
| ISBN: | 7-5438-3089-2 | |
| 000 | 00893nam0 2200253 450 | |
| 001 | 0131110170 | |
| 005 | 20050617155803.06 | |
| 010 | @a7-5438-3089-2@dCNY25.00 | |
| 100 | @a20031110d2004 km y0chiy0120 ea | |
| 101 | 0 | @achi |
| 102 | @aCN@b430000 | |
| 105 | @aa z 000yd | |
| 200 | 1 | @a邓小平的说服与攻心之道@ADeng Xiao Ping De Shuo Fu Yu Gong Xin Zhi Dao@f唐春元,伍英编著@Ftang chun yuan,wu ying bian zhu |
| 205 | @a第2版 | |
| 210 | @a长沙@c湖南人民出版社@d2004.01 | |
| 215 | @a327页@c图@d20cm | |
| 330 | @a本书以邓小平生平足迹为线索,试图通过一个个事例,对他在与各种各样的人打交道的过程中,进行背景分析、场景再现和技巧探讨,展示他的说服艺术和攻心谋略。 | |
| 600 | 0 | @a邓小平,@f1904~1997@x人物研究 |
| 606 | 0 | @a对小平@x传记 |
| 690 | @aA765@v4 | |
| 701 | 0 | @a唐春元@Atang chun yuan@4编著 |
| 701 | 0 | @a伍英@Awu ying@4编著 |
| 801 | 0 | @aCN@bQSSK@c20050617 |
| 905 | @a10447@dA765@eT238 | |
| 邓小平的说服与攻心之道/唐春元,伍英编著.-第2版.-长沙:湖南人民出版社,2004.01 |
| 327页:图;20cm |
| ISBN 7-5438-3089-2:CNY25.00 |
| 本书以邓小平生平足迹为线索,试图通过一个个事例,对他在与各种各样的人打交道的过程中,进行背景分析、场景再现和技巧探讨,展示他的说服艺术和攻心谋略。 |
| ● |
| 相关链接 |
|
|
|
正题名:邓小平的说服与攻心之道
索取号:A765/T238
 
预约/预借
| 序号 | 登录号 | 条形码 | 馆藏地/架位号 | 状态 | 备注 |
| 1 | 522642 | 205226423 | 社科库509/509社科库 3排4列2层/ [索取号:A765/T238] | 在馆 | |
| 2 | 522643 | 205226432 | 社科库509/509社科库 3排4列2层/ [索取号:A765/T238] | 在馆 | |
| 3 | 522644 | 205226441 | 社科库509/509社科库 3排4列2层/ [索取号:A765/T238] | 在馆 |